书目信息 |
| 书名: | Principles of physics = | |
| 作者: | Serway & Jewett : | |
| 分册号: | ||
| 分册名: | 出版地: | Beijing : |
|
| 出版社: | Qinghua University Press | |
| 出版时间: | 2004. | |
| 页数: | 549-1206,56,23 p. : | |
| 开本: | 25 cm. | |
| 丛书名: | 国际著名物理图书 | |
| 中图分类号: | ||
| 科图分类号: | ||
| 其他分类号: | O4 | |
| 主题词: | ||
| 电子资源: | ||
| 000 | 00954nam 2200289 a 4500 | |
| 001 | E1139772667 | |
| 005 | 20111208111043.92 | |
| 008 | 040505r20042003cc a 001 0 eng d | |
| 020 | @a7302076359 :@cCNY39.50. | |
| 040 | @aCcBjTSG | |
| 090 | @aO411@bS492 | |
| 090 | @aO4 | |
| 096 | @aO411 | |
| 099 | @dO4@ex75:2 | |
| 100 | 1 | @aSerway, Raymond A. |
| 245 | 10 | @aPrinciples of physics =@b物理学原理.@n下册 / @cSerway & Jewett : @kmonograph. |
| 246 | 34 | @aPrinciples of physics :@ba calculus-based text |
| 246 | 31 | @a物理学原理 |
| 246 | 34 | @a物理学原理 :@b基于微积分的读本 |
| 250 | @a第三版. | |
| 260 | @aBeijing :@bQinghua University Press,@c2004. | |
| 300 | @a549-1206,56,23 p. :@bill. ;@c25 cm. | |
| 440 | 0 | @a国际著名物理图书.@p影印版系列 ;@v1 |
| 500 | @aIncludes index. | |
| 534 | @pReprint. Originally published:@cMall West, PA : Thomson Learning, 2003,@b3rd ed.@z0030271576. | |
| 650 | 0 | @aPhysics. |
| 700 | 1 | @aJewett, John W. |
| Principles of physics = : 物理学原理.. 下册 / / Serway & Jewett : .-第三版.-Beijing : : Qinghua University Press, , 2004. |
| 549-1206,56,23 p. : : ill. ; ; 25 cm.- (国际著名物理图书. 影印版系列 ; 1 ) |
| Includes index. |
| ISBN 7302076359 :CNY39.50. |
| ● |
| 相关链接 |
|
|
|
|
正题名:Principles of physics =
索取号:O4/x75:2
 
预约/预借
| 序号 | 登录号 | 条形码 | 馆藏地/架位号 | 状态 | 备注 |
| 1 | 17835 | 300178359 | 第二样本阅览室/ [索取号:O4/x75:2] | 在馆 | |
| 2 | 17836 | 300178368 | 第四借阅区/ [索取号:O4/x75:2] | 在馆 | |
| 3 | 17837 | 300178377 | 第四借阅区/ [索取号:O4/x75:2] | 在馆 | |
| 4 | 17838 | 300178386 | 第四借阅区/ [索取号:O4/x75:2] | 在馆 |